[Event "COL-chT Blitz (Women)"]
[Site "Santa Marta"]
[Date "2022.11.07"]
[Round "4.1"]
[White "Argote Heredia, Valentina"]
[Black "Cardona Martinez, Lina Sofia"]
[Result "1-0"]
[WhiteElo "2040"]
[BlackElo "1886"]
[PlyCount "60"]
[EventDate "2022.11.07"]
[EventType "team-swiss"]
[EventRounds "9"]
[EventCountry "COL"]
[SourceTitle "CBM 211 Extra"]
[Source "ChessBase"]
[SourceDate "2023.01.31"]
[SourceVersion "1"]
[SourceVersionDate "2023.01.31"]
[SourceQuality "1"]
[WhiteTeam "Valle (W)"]
[BlackTeam "Caldas (W)"]
[WhiteTeamCountry "COL"]
[BlackTeamCountry "COL"]

1. e4 c5 2. Nf3 Nc6 3. d4 cxd4 4. Nxd4 a6 5. Be3 Nf6 6. Nc3 e5 7. Nxc6 bxc6 8. Bc4 Be7 9. 0-0 0-0 10. Qd3 Qc7 11. Bg5 h6 12. Bxf6 Bxf6 13. Rad1 Be7 14. Ne2 Qb6 15. Bb3 a5 16. a4 Rd8 17. Qf3 Rf8 18. Ng3 d6 19. Nf5 Qc7 20. Rd3 Be6 21. Qg4 Bf6 22. Bxe6 fxe6 23. Nxd6 Qe7 24. Rfd1 Rab8 25. b3 Rfd8 26. Nc4 Rxd3 27. Rxd3 Rd8 28. Rxd8+ Qxd8 29. Qxe6+ Kh8 30. Nd6 Qb6 1-0

[Event "COL-ch (Women)"]
[Site "Cali"]
[Date "2021.09.15"]
[Round "3"]
[White "Toro Castaneda, Elizabeth"]
[Black "Cardona Martinez, Lina Sofia"]
[Result "0-1"]
[WhiteElo "2008"]
[BlackElo "1881"]
[PlyCount "103"]
[EventDate "2021.09.14"]
[EventType "tourn"]
[EventRounds "11"]
[EventCountry "COL"]
[SourceTitle "CBM 204 Extra"]
[Source "ChessBase"]
[SourceDate "2021.11.30"]
[SourceVersion "1"]
[SourceVersionDate "2021.11.30"]
[SourceQuality "1"]

1. e4 c5 2. Nf3 Nc6 3. d4 cxd4 4. Nxd4 e5 5. Nb5 d6 6. N1c3 a6 7. Na3 b5 8. Nd5 Nce7 9. c4 Nxd5 10. Qxd5 Be6 11. Qd3 bxc4 12. Nxc4 Nf6 13. Be3 Rb8 14. b3 d5 15. exd5 e4 16. Qd4 Qxd5 17. Qxd5 Bxd5 18. 0-0-0 Bb4 19. Nb6 Bb7 20. Bc4 0-0 21. Bd4 Bc8 22. h3 Ba3+ 23. Kb1 a5 24. Nxc8 Rfxc8 25. Ka1 Ne8 26. Rhe1 Nd6 27. Be5 Nxc4 28. Bxb8 Rxb8 29. bxc4 Bb2+ 30. Kb1 Bc3+ 31. Kc2 Bxe1 32. Rxe1 f5 33. Rd1 Rb4 34. Kc3 Ra4 35. Rd2 g6 36. Kd4 Kf7 37. Kd5 Ra3 38. Kc5 Rd3 39. Rc2 a4 40. Kb4 a3 41. c5 Ke7 42. c6 Kd8 43. g3 Kc7 44. Kb5 Rd5+ 45. Kb4 Rd3 46. h4 h5 47. Kb5 Rd5+ 48. Ka4 Rd3 49. Kb4 Rf3 50. Kb5 Rd3 51. Kb4 Rf3 52. Kb5 0-1

[Event "COL-ch (Women)"]
[Site "Cali"]
[Date "2021.09.14"]
[Round "1"]
[White "Caicedo Anguila, Juliana Andrea"]
[Black "Cardona Martinez, Lina Sofia"]
[Result "1-0"]
[WhiteElo "1583"]
[BlackElo "1881"]
[PlyCount "57"]
[EventDate "2021.09.14"]
[EventType "tourn"]
[EventRounds "11"]
[EventCountry "COL"]
[SourceTitle "CBM 204 Extra"]
[Source "ChessBase"]
[SourceDate "2021.11.30"]
[SourceVersion "1"]
[SourceVersionDate "2021.11.30"]
[SourceQuality "1"]

1. d4 Nf6 2. Nf3 g6 3. b4 Bg7 4. Bb2 0-0 5. c4 d6 6. e3 Nbd7 7. Be2 e5 8. dxe5 Ng4 9. Nc3 dxe5 10. 0-0 f5 11. c5 Kh8 12. Qb3 e4 13. Nd4 Nde5 14. Rad1 Qh4 15. h3 Nh6 16. Nd5 Rf7 17. Nf4 Qe7 18. Nde6 Bxe6 19. Nxe6 Bf6 20. Rd2 Re8 21. Nf4 Rd8 22. Nd5 Qf8 23. Nxf6 Rxd2 24. Bxe5 Rg7 25. Ne8 Rdd7 26. Bxg7+ Rxg7 27. Nxg7 Qxg7 28. Rd1 Ng8 29. Bc4 1-0

[Event "COL-ch sf (Women)"]
[Site "Santa Rosa"]
[Date "2021.08.15"]
[Round "7"]
[White "Moncada Correa, Sara"]
[Black "Cardona Martinez, Lina Sofia"]
[Result "1-0"]
[WhiteElo "1828"]
[BlackElo "1877"]
[PlyCount "65"]
[EventDate "2021.08.12"]
[EventType "swiss"]
[EventRounds "9"]
[EventCountry "COL"]
[SourceTitle "CBM 204 Extra"]
[Source "ChessBase"]
[SourceDate "2021.11.30"]
[SourceVersion "1"]
[SourceVersionDate "2021.11.30"]
[SourceQuality "1"]

1. d4 Nf6 2. Nf3 d6 3. c4 Nbd7 4. Nc3 e5 5. Bg5 Be7 6. e3 0-0 7. Qc2 h6 8. h4 exd4 9. Nxd4 Ne5 10. 0-0-0 Bd7 11. Be2 a6 12. Bf4 Qe8 13. Nf5 Bxf5 14. Qxf5 Qd7 15. Qc2 Qe6 16. g4 Nexg4 17. Bxg4 Nxg4 18. Nd5 Rac8 19. Rdg1 h5 20. f3 Ne5 21. Qf5 Rfe8 22. Qxh5 Nd3+ 23. Kb1 Nxf4 24. exf4 Bf8 25. f5 Qe5 26. Qg5 Be7 27. f6 Qxg5 28. Rxg5 Bf8 29. fxg7 Be7 30. Rh5 f6 31. Rg1 Kf7 32. g8Q+ Rxg8 33. Rh7+ 1-0

[Event "COL-ch sf (Women)"]
[Site "Santa Rosa"]
[Date "2021.08.14"]
[Round "4"]
[White "Ruiz Jaraba, Valentina Sofia"]
[Black "Cardona Martinez, Lina Sofia"]
[Result "1-0"]
[WhiteElo "1711"]
[BlackElo "1877"]
[PlyCount "91"]
[EventDate "2021.08.12"]
[EventType "swiss"]
[EventRounds "9"]
[EventCountry "COL"]
[SourceTitle "CBM 204 Extra"]
[Source "ChessBase"]
[SourceDate "2021.11.30"]
[SourceVersion "1"]
[SourceVersionDate "2021.11.30"]
[SourceQuality "1"]

1. e4 c5 2. Nf3 Nc6 3. Nc3 a6 4. d4 cxd4 5. Nxd4 e6 6. Nxc6 bxc6 7. Bd3 Qc7 8. 0-0 d5 9. f4 Bc5+ 10. Kh1 f6 11. exd5 cxd5 12. Re1 Kf8 13. Bd2 g6 14. Qe2 Kg7 15. Rf1 Ne7 16. Rf3 Nc6 17. Rg3 Nb4 18. Rf1 f5 19. Na4 Nxd3 20. Qxd3 d4 21. c3 a5 22. Nxc5 Qxc5 23. cxd4 Qd5 24. Qe3 Rd8 25. Rc1 Rd7 26. a3 Bb7 27. Rc5 Qa2 28. h4 Kf7 29. Qc3 a4 30. Kh2 Rad8 31. Qb4 Be4 32. Bc3 Bc2 33. Re3 Bb3 34. Re1 Bc2 35. Rb5 Qb3 36. Qc5 Qd5 37. Qb4 Qb3 38. Qa5 Qc4 39. Qa6 Bd3 40. Ree5 Qa2 41. Ba5 Bxb5 42. Qxb5 Rd5 43. Qxa4 Rxe5 44. Bxd8 Rd5 45. Qa7+ Kf8 46. Bf6 1-0

[Event "FISU World University"]
[Site "Tornelo INT"]
[Date "2020.10.27"]
[Round "4.18"]
[White "Cieslak, Wiktoria"]
[Black "Cardona Martinez, Lina Sofia"]
[Result "0-1"]
[WhiteElo "2010"]
[BlackElo "1877"]
[PlyCount "102"]
[EventDate "2020.10.26"]
[EventType "team-swiss (rapid)"]
[EventRounds "9"]
[EventCountry "NET"]
[SourceTitle "CBM 199 Extra"]
[Source "ChessBase"]
[SourceDate "2021.01.31"]
[SourceVersion "1"]
[SourceVersionDate "2021.01.31"]
[SourceQuality "1"]
[WhiteTeam "Poland IV"]
[BlackTeam "Colombia"]
[WhiteTeamCountry "POL"]
[BlackTeamCountry "COL"]

1. e4 c5 2. Nf3 Nc6 3. d4 cxd4 4. Nxd4 Nf6 5. Nc3 e5 6. Ndb5 d6 7. a4 a6 8. Na3 Be6 9. Bc4 Be7 10. 0-0 Rc8 11. Re1 0-0 12. Nd5 Nd4 13. c3 Bxd5 14. Bxd5 Nxd5 15. exd5 Nf5 16. Qd3 Nh4 17. b4 f5 18. a5 e4 19. Qe3 Bf6 20. Bd2 Be5 21. Nc2 Rf6 22. Red1 Rg6 23. Ne1 Rc4 24. Qh3 f4 25. Kf1 Qf6 26. Ke2 Nf5 27. Ra3 Rh6 28. Qg4 Rh4 29. h3 Rxg4 30. hxg4 Nh4 31. g3 fxg3 32. fxg3 Bxg3 33. Be3 Bxe1 34. Rxe1 Qf3+ 35. Kd2 Ng2 36. Re2 Nxe3 37. Rxe3 Qxg4 38. Ra1 Qg5 39. Rae1 Qxd5+ 40. Kc2 Qf5 41. Kb3 d5 42. Rg3 h6 43. Reg1 g5 44. Rh1 Rc6 45. Rgh3 Kg7 46. Rg3 Qe6 47. Kb2 Qf7 48. Rh2 Rf6 49. Rgg2 Rf3 50. Rd2 e3 51. Rde2 Rf2 0-1

[Event "COL-chT 21st"]
[Site "Cartagena"]
[Date "2019.11.30"]
[Round "7.1"]
[White "Pachon Gutierrez, Adriana Paola"]
[Black "Cardona Martinez, Lina Sofia"]
[Result "0-1"]
[WhiteElo "2068"]
[BlackElo "1905"]
[PlyCount "78"]
[EventDate "2019.11.30"]
[EventType "team-swiss"]
[EventRounds "9"]
[EventCountry "COL"]
[SourceTitle "CBM 195 Extra"]
[Source "ChessBase"]
[SourceDate "2020.05.31"]
[SourceVersion "1"]
[SourceVersionDate "2020.05.31"]
[SourceQuality "1"]
[WhiteTeam "Cudinamarca"]
[BlackTeam "Cauca"]
[WhiteTeamCountry "COL"]
[BlackTeamCountry "COL"]

1. b3 d6 2. Bb2 Nd7 3. e3 Ngf6 4. f4 g6 5. Nf3 Bg7 6. Be2 0-0 7. 0-0 Re8 8. Na3 a6 9. d4 b5 10. c4 b4 11. Nc2 a5 12. d5 Nc5 13. Ncd4 e6 14. dxe6 fxe6 15. Qe1 Qd7 16. Rd1 Bb7 17. Qh4 Qe7 18. Nd2 Nce4 19. Nxe4 Nxe4 20. Qxe7 Rxe7 21. Bf3 c5 22. Nb5 Bxb2 23. Bxe4 Bxe4 24. Nxd6 Bc6 25. e4 Rd8 26. e5 Bd4+ 27. Kh1 Ra7 28. h3 a4 29. Rd3 axb3 30. axb3 Rda8 31. h4 Ra1 32. Rxa1 Rxa1+ 33. Kh2 Rb1 34. Rg3 Kf8 35. Kh3 Rh1+ 36. Kg4 Kg7 37. Rd3 Bf2 38. h5 gxh5+ 39. Kg5 h6# 0-1

[Event "COL-chT rapid (Women)"]
[Site "Cartagena"]
[Date "2019.11.29"]
[Round "1.2"]
[White "Pantoja Pantoja, Danna Nicole"]
[Black "Cardona Martinez, Lina Sofia"]
[Result "0-1"]
[WhiteElo "1502"]
[BlackElo "1821"]
[PlyCount "78"]
[EventDate "2019.11.29"]
[EventType "team-swiss"]
[EventRounds "7"]
[EventCountry "COL"]
[SourceTitle "CBM 193 Extra"]
[Source "ChessBase"]
[SourceDate "2020.01.31"]
[SourceVersion "1"]
[SourceVersionDate "2020.01.31"]
[SourceQuality "1"]
[WhiteTeam "Narino (W)"]
[BlackTeam "Cauca (W)"]
[WhiteTeamCountry "COL"]
[BlackTeamCountry "COL"]

1. e4 c5 2. Nf3 Nc6 3. d3 g6 4. Nc3 Bg7 5. Rb1 e6 6. Be2 Nge7 7. 0-0 0-0 8. Re1 f5 9. Bg5 a6 10. Qd2 Qc7 11. exf5 Nxf5 12. Rbd1 b5 13. a3 d5 14. b3 Bd7 15. Bf1 Rac8 16. g3 Ncd4 17. Bg2 b4 18. Nb1 a5 19. axb4 cxb4 20. Rc1 Nb5 21. Qf4 Qxf4 22. Bxf4 Bb2 23. Rcd1 Rxc2 24. Rd2 Rfc8 25. Rxc2 Rxc2 26. Ne5 Be8 27. Nf3 Nfd4 28. Nxd4 Nxd4 29. Be3 Kf7 30. Nd2 Bb5 31. Bf1 Bc3 32. Rd1 Bxd2 33. Rxd2 Nf3+ 34. Kh1 Nxd2 35. Be2 Ra2 36. Bxd2 Rxd2 37. Bf3 Bxd3 38. Kg2 Be4 39. Bxe4 dxe4 0-1

[Event "COL-chT (Women)"]
[Site "Cartagena"]
[Date "2019.11.26"]
[Round "5.1"]
[White "Cardona Martinez, Lina Sofia"]
[Black "Finley Rosero, Karol Valentina"]
[Result "1-0"]
[WhiteElo "1884"]
[BlackElo "1595"]
[PlyCount "75"]
[EventDate "2019.11.24"]
[EventType "team-swiss"]
[EventRounds "7"]
[EventCountry "COL"]
[SourceTitle "CBM 193 Extra"]
[Source "ChessBase"]
[SourceDate "2020.01.31"]
[SourceVersion "1"]
[SourceVersionDate "2020.01.31"]
[SourceQuality "1"]
[WhiteTeam "Cauca (W)"]
[BlackTeam "Narino (W)"]
[WhiteTeamCountry "COL"]
[BlackTeamCountry "COL"]

1. e4 c5 2. Nf3 d6 3. d4 cxd4 4. Nxd4 Nf6 5. Nc3 g6 6. Bc4 Bg7 7. h3 Nc6 8. Be3 0-0 9. Bb3 Bd7 10. 0-0 Rc8 11. Re1 Ne5 12. Qe2 a6 13. a4 Qc7 14. Bg5 Qc5 15. Be3 Qb4 16. Nd5 Nxd5 17. exd5 Be8 18. a5 Bb5 19. Nxb5 Qxb5 20. Qxb5 axb5 21. Bg5 f6 22. Bc1 Rc7 23. Re4 Nc4 24. Bxc4 bxc4 25. c3 Ra8 26. Be3 Kf7 27. Bb6 Rcc8 28. Ra4 Bh6 29. Raxc4 Bc1 30. Rb4 Re8 31. Kf1 e6 32. Re1 Bh6 33. Rh4 Bg7 34. dxe6+ Rxe6 35. Rxe6 Kxe6 36. Rxh7 Kf7 37. Rh4 Re8 38. Rc4 1-0

[Event "COL-ch U2000"]
[Site "Villamaria"]
[Date "2019.11.02"]
[Round "3"]
[White "Ramirez, Jorge Alonso"]
[Black "Cardona Martinez, Lina Sofia"]
[Result "0-1"]
[WhiteElo "1969"]
[BlackElo "1884"]
[PlyCount "52"]
[EventDate "2019.11.01"]
[EventType "swiss"]
[EventRounds "7"]
[EventCountry "COL"]
[SourceTitle "CBM 193 Extra"]
[Source "ChessBase"]
[SourceDate "2020.01.31"]
[SourceVersion "1"]
[SourceVersionDate "2020.01.31"]
[SourceQuality "1"]

1. e4 c5 2. f4 Nc6 3. Nc3 g6 4. Bc4 Bg7 5. Nge2 e6 6. 0-0 Nge7 7. Ng3 d5 8. Bb5 0-0 9. f5 exf5 10. exf5 Nxf5 11. Bxc6 bxc6 12. Nxf5 Bxf5 13. d3 Re8 14. Bd2 Qb6 15. Kh1 Qxb2 16. Rb1 Qa3 17. Rb3 Qa6 18. Qb1 Be5 19. Re1 Qc8 20. Rb7 Bd6 21. Rf1 Rb8 22. Rxb8 Qxb8 23. Qc1 Bxh2 24. Bh6 Be5 25. Na4 Qb4 26. c4 Qxa4 0-1

[Event "COL-ch (Women)"]
[Site "Bogota"]
[Date "2018.11.06"]
[Round "1"]
[White "Cardona Martinez, Lina Sofia"]
[Black "Suarez Ardila, Luisa Maria"]
[Result "1-0"]
[WhiteElo "1845"]
[BlackElo "1415"]
[PlyCount "113"]
[EventDate "2018.11.06"]
[EventType "swiss"]
[EventRounds "9"]
[EventCountry "COL"]
[SourceTitle "CBM 187 Extra"]
[Source "ChessBase"]
[SourceDate "2018.11.04"]
[SourceVersion "1"]
[SourceVersionDate "2018.11.04"]
[SourceQuality "1"]

1. e4 c5 2. Nf3 g6 3. d4 cxd4 4. Qxd4 Nf6 5. Nc3 Nc6 6. Qd1 Bg7 7. Bc4 e6 8. Bb3 0-0 9. 0-0 a5 10. Re1 Ne8 11. Be3 Nc7 12. Bc5 Re8 13. Bd6 Bxc3 14. bxc3 Nb5 15. Bg3 Nxc3 16. Qd3 a4 17. Qxc3 axb3 18. axb3 Rxa1 19. Rxa1 d5 20. Rd1 Ne7 21. Bh4 b6 22. Bg5 Qd6 23. Bh6 e5 24. Nxe5 Qc5 25. Qf3 Nf5 26. exf5 Rxe5 27. fxg6 fxg6 28. Qf6 Qe7 29. Qxe7 Rxe7 30. Be3 Bf5 31. Rxd5 Bxc2 32. Rb5 Rd7 33. h3 Rd6 34. b4 Kf7 35. Rxb6 Rxb6 36. Bxb6 Ke6 37. Kf1 Kd5 38. Ke2 Ke4 39. f3+ Kf5 40. Ke3 Ba4 41. h4 h5 42. Bc7 Bb5 43. g3 Ba6 44. Kd4 Be2 45. Ke3 Bb5 46. Bd8 Ba6 47. g4+ hxg4 48. fxg4+ Kxg4 49. Ke4 Bb5 50. Kd5 Kf5 51. Kc5 Bd3 52. b5 Ke6 53. Kc6 Be4+ 54. Kc7 Ba8 55. b6 Be4 56. b7 Bxb7 57. Kxb7 1-0

[Event "COL-ch U26 (Women)"]
[Site "Medellin"]
[Date "2018.10.19"]
[Round "4"]
[White "Cardona Martinez, Lina Sofia"]
[Black "Salazar, Monica Maria"]
[Result "1-0"]
[WhiteElo "1773"]
[BlackElo "1876"]
[PlyCount "76"]
[EventDate "2018.10.18"]
[EventType "swiss"]
[EventRounds "6"]
[EventCountry "COL"]
[SourceTitle "CBM 187 Extra"]
[Source "ChessBase"]
[SourceDate "2018.11.04"]
[SourceVersion "1"]
[SourceVersionDate "2018.11.04"]
[SourceQuality "1"]

1. e4 d6 2. d4 Nf6 3. Nc3 g6 4. f3 c6 5. Bc4 Nbd7 6. Nge2 b5 7. Bb3 b4 8. Na4 Bb7 9. Be3 Bg7 10. Qd2 a5 11. Bh6 0-0 12. h4 c5 13. g4 cxd4 14. Nxd4 Nc5 15. h5 Nxb3 16. axb3 e5 17. Nb5 d5 18. Bxg7 Kxg7 19. hxg6 fxg6 20. Qh6+ Kg8 21. 0-0-0 Rc8 22. Kb1 Ba6 23. c4 d4 24. g5 Nh5 25. Rxh5 gxh5 26. Qe6+ Rf7 27. Nd6 Qe7 28. Qxf7+ Qxf7 29. Nxf7 Kxf7 30. Nb6 Rg8 31. Rf1 Rxg5 32. f4 exf4 33. Rxf4+ Ke6 34. Nd5 Rg6 35. Rh4 d3 36. Nf4+ Kf6 37. Nxg6 hxg6 38. Kc1 Bb7 1-0